|
|
|
|
| LEADER |
00000cam a2200000 a 4500 |
| 001 |
vtls011569363 |
| 003 |
SK-MaSNL |
| 005 |
20260301041513.0 |
| 008 |
240318s2016 xo j 000 f slo |
| 015 |
|
|
|a SNBA2016/09
|
| 020 |
|
|
|a 9788055148427
|q (brož.)
|
| 035 |
|
|
|a 1A5D1B18-2B60-424F-8A55-9977EDB8BD25
|
| 035 |
|
|
|a urn:nbn:sk:snk-am3h6bl
|
| 035 |
|
|
|a urn:nbn:sk:snk-am00cnp6
|
| 040 |
|
|
|a SNK
|b slo
|c SNK
|e AACR2
|
| 041 |
1 |
|
|a slo
|h eng
|
| 044 |
|
|
|a xo
|c SK
|
| 072 |
|
7 |
|a 821.111(73)-3
|x Americká próza
|2 konspekt
|
| 072 |
|
7 |
|a 821-93
|x Literatúra pre deti a mládež (beletria)
|2 konspekt
|
| 080 |
|
|
|a 821.111(73)-31
|2 2011
|
| 080 |
|
|
|a 82-93-053.6
|2 2011
|
| 100 |
1 |
|
|a Keating, Lucy
|4 aut
|9 343326
|
| 240 |
1 |
0 |
|a Dreamology: A love story
|l Slovensky
|
| 245 |
1 |
0 |
|a Zavri oči a snívaj
|c Lucy Keatingová ; preložila Klára Kruteková
|
| 260 |
|
|
|a Bratislava
|b Ikar
|c 2016
|
| 300 |
|
|
|a 268 s.
|c 23 cm
|
| 490 |
1 |
|
|a Yoli
|
| 500 |
|
|
|a Na obálke: Čo sa stane, keď sa zaľúbiš do svojho sna?
|
| 500 |
|
|
|a Preložené z angličtiny
|
| 655 |
|
7 |
|a americké romány
|2 SNKPH
|9 1174
|
| 655 |
|
7 |
|a publikácie pre mládež
|2 SNKPH
|9 70434
|
| 655 |
|
7 |
|a American fiction
|2 SNKPHeng
|9 281076
|
| 655 |
|
7 |
|a Juvenile literature
|2 SNKPHeng
|9 278419
|
| 700 |
1 |
|
|a Kruteková, Klára
|4 trl
|9 155730
|
| 830 |
|
0 |
|a Yoli
|9 336279
|
| 852 |
|
|
|a Štátna vedecká knižnica v Banskej Bystrici
|
| 919 |
|
|
|a 978-80-551-4842-7
|
| 958 |
|
|
|a LX
|
| 958 |
|
|
|a DB
|
| 958 |
|
|
|a UP
|
| 968 |
|
|
|b ENG
|
| 999 |
|
|
|c 588657
|d 590587
|
| 952 |
|
|
|a SNK
|b SNK
|y PREZ
|7 0
|p 17A1214887
|o snkSC 171366
|i snk2016/22018
|8 0
|0 0
|1 0
|4 0
|d 2016-09-21
|f 1
|l 0
|r 2025-09-08 00:00:00
|w 2026-02-23
|
| 952 |
|
|
|a SNK
|b SNK
|y VYP
|7 0
|p 17A1214888
|o snkSC 171366 D1
|i snk2016/22019
|8 0
|0 0
|1 0
|4 0
|d 2016-09-21
|l 0
|r 2026-02-23 15:16:37
|w 2026-02-23
|